Loading...

Njanendukondu Oru Hinduvalla

Bibliographic Details
Main Author: Ilaiah,Kancha
Format: Printed Book
Language:English
Published: Kottayam D C Books 2009
LEADER 00496nam a22001577a 4500
008 180612s9999 000 0 eng
020 |a 9788126408559 
041 |a Mal 
082 |a M810 
100 |a Ilaiah,Kancha 
245 |a Njanendukondu Oru Hinduvalla 
260 |a Kottayam  |b D C Books  |c 2009 
300 |a 138p  |c PB 
942 |2 ddc  |c BK 
999 |c 272148  |d 272148 
952 |0 0  |1 0  |4 0  |6 M_810_000000000000000_ILA_N  |7 0  |9 306195  |a ASC  |b ASC  |c ST1  |d 2018-09-05  |g 0.00  |l 0  |o M810 ILA/N  |p ASC3478  |r 2018-08-20  |w 2018-08-20  |y BK